| 000 | 00772nam a2200217Ii 4500 | ||
|---|---|---|---|
| 003 | JO-AjNU | ||
| 008 | 230605s9999||||xx |||||||||||||| ||und|| | ||
| 017 | _a2005/5/1725 | ||
| 040 |
_aJO-AjNU _bara _erda _cJO-AjNU |
||
| 041 | _aara | ||
| 050 | 1 | 4 | _aQ180 2005 |
| 100 | 3 |
_aالعلاونه ، علي/ م مشارك محمد عبيدات ، عبدالكريم عواد , _eauthor _929354 |
|
| 245 | 0 | 0 | _aبحوث العمليات في العلوم التجارية |
| 250 | _aط1 | ||
| 264 | 3 | 1 | _aعمان:داريزيد للنشر والتوزيع ، 2005 |
| 300 | _a432ص | ||
| 336 |
_atext _btxt _2rdacontent |
||
| 337 |
_aunmediated _bn _2rdamedia |
||
| 338 |
_avolume _bnc _2rdacarrier |
||
| 650 | 4 |
_aبحوث العليات - العلوم التجاريه _929355 |
|
| 999 |
_aA11500 _c15068 _d15068 |
||